Instrumental sitar gat toda piloo part 1 / (Record no. 43325)

MARC details
000 -LEADER
fixed length control field 01174njm a22002657a 4500
005 - DATE AND TIME OF LATEST TRANSACTION
control field 20100830143451.0
007 - PHYSICAL DESCRIPTION FIXED FIELD--GENERAL INFORMATION
fixed length control field sd ammalaaahaa
008 - FIXED-LENGTH DATA ELEMENTS--GENERAL INFORMATION
fixed length control field 100830t xxu||||| |||| 00| 0 hin d
028 ## - PUBLISHER NUMBER
Publisher number N. 15916
Source His Master's Voice
028 ## - PUBLISHER NUMBER
Publisher number OJR. 755
Source His Master's Voice
028 ## - PUBLISHER NUMBER
Publisher number OJR. 756
Source His Master's Voice
035 ## - SYSTEM CONTROL NUMBER
System control number GR-274
040 ## - CATALOGING SOURCE
Original cataloging agency SED/VEN
100 ## - MAIN ENTRY--PERSONAL NAME
9 (RLIN) 17458
Personal name Khansaheb Bahidkhan
245 ## - TITLE STATEMENT
Title Instrumental sitar gat toda piloo part 1 /
Statement of responsibility, etc by Khansaheb Bahidkhan
Medium [Sound recording] :
Remainder of title
246 ## - VARYING FORM OF TITLE
Title proper/short title इन्स्त्रुमेंतल सितार गत तोडा पीलू (खानसाहेब बहिदखान)
260 ## - PUBLICATION, DISTRIBUTION, ETC. (IMPRINT)
Place of publication, distribution, etc Dum Dum, India
Name of publisher, distributor, etc His Master Voice
300 ## - PHYSICAL DESCRIPTION
Extent 1 Sound disc [Gramophone Record] :
Other physical details anlog, 33 1/3 rpm
Dimensions 10 in (LP)
Type of unit Gramophone Records
500 ## - GENERAL NOTE
General note Brief record
505 ## - FORMATTED CONTENTS NOTE
Formatted contents note Instrumental sitar gat toda khamaj (इन्स्त्रुमेंतल सितार गत तोडा खमाज) भाग 2
650 ## - SUBJECT ADDED ENTRY--TOPICAL TERM
Topical term or geographic name as entry element Clasical music
9 (RLIN) 1186
Geographic subdivision India
General subdivision Excerpts
700 ## - ADDED ENTRY--PERSONAL NAME
9 (RLIN) 17459
942 ## - ADDED ENTRY ELEMENTS (KOHA)
Source of classification or shelving scheme Dewey Decimal Classification
Item type Gramaphone Records
Holdings
Withdrawn status Lost status Source of classification or shelving scheme Damaged status Not for loan Home library Current library Date acquired Source of acquisition Total Checkouts Barcode Date last seen Copy number Price effective from Koha item type
    Dewey Decimal Classification   Not For Loan Central Library Central Library 01/09/2010 SED/VEN   GR-274 01/09/2010 1 01/09/2010 Gramaphone Records

© Delhi Public Library
Hit Counter
free hit counter